[Event "XI Open"]
[Site "Condino ITA"]
[Date "2011.07.27"]
[Round "4"]
[White "Medves, Enrico"]
[Black "Menichini, Massimo"]
[Result "0-1"]
[WhiteElo "1593"]
[BlackElo "1791"]
[PlyCount "122"]
[EventDate "2011.07.25"]

1. d4 Nf6 2. c4 e6 3. Nc3 Bb4 4. Qc2 d5 5. cxd5 exd5 6. Bg5 O-O 7. Bxf6 Qxf6 8.
Nf3 Nc6 9. e3 Bg4 10. Be2 Rfe8 11. O-O Rad8 12. Rac1 h5 13. h3 Bf5 14. Bd3 Bxh3
15. Nh2 Qg5 16. f4 Qe7 17. gxh3 Qxe3+ 18. Kg2 Nxd4 19. Qa4 Bd6 20. Rcd1 Ne6 21.
Nxd5 Qc5 22. Qc4 Qa5 23. f5 Ng5 24. Nf3 Nxf3 25. Rxf3 c6 26. b4 Qxd5 27. Qxd5
cxd5 28. b5 b6 29. f6 Be5 30. fxg7 Bxg7 31. Rf5 Re5 32. Rxe5 Bxe5 33. Be4 d4
34. Bf3 h4 35. Be4 Kg7 36. Rd3 Rd6 37. Kf2 Bg3+ 38. Ke2 f6 39. Kf3 Kf7 40. Ke2
Ke6 41. Rf3 Ke5 42. Kd3 Bf4 43. Bc6 Rd8 44. Ke2 Be3 45. Kd3 f5 46. Rf1 Rg8 47.
Bd7 f4 48. Bg4 Rg7 49. Rb1 Rc7 50. Rb3 Rf7 51. Bf3 Rc7 52. Ra3 Bc1 53. Rb3 Be3
54. Ra3 Kd6 55. Rb3 Kc5 56. Rb2 Rg7 57. Bg4 f3 58. Bxf3 Rg3 59. Rc2+ Kxb5 60.
Bg4 Kb4 61. Rc7 Bf4+ 0-1

[Event "XI Open"]
[Site "Condino ITA"]
[Date "2011.07.27"]
[Round "4"]
[White "Menon, Michele"]
[Black "Medves, Adriano"]
[Result "1/2-1/2"]
[WhiteElo "1775"]
[BlackElo "1593"]
[PlyCount "24"]
[EventDate "2011.07.25"]

1. Nf3 g6 2. g3 Bg7 3. Bg2 d6 4. c4 Nd7 5. Nc3 e6 6. O-O Ne7 7. d4 O-O 8. e4 b6
9. d5 e5 10. Bg5 Bb7 11. Rc1 h6 12. Be3 a6 1/2-1/2

[Event "XI Open"]
[Site "Condino ITA"]
[Date "2011.07.27"]
[Round "4"]
[White "Monzeglio, Graziella"]
[Black "Sheikh, Mohammed Zannatun"]
[Result "0-1"]
[WhiteElo "1486"]
[BlackElo "1512"]
[PlyCount "28"]
[EventDate "2011.07.25"]

1. d4 d5 2. Nf3 Nc6 3. e3 Nf6 4. Bd3 Bg4 5. Nbd2 e6 6. O-O Bd6 7. e4 Bxf3 8.
Qxf3 Nxd4 9. Qe3 dxe4 10. Nxe4 Bxh2+ 11. Kxh2 Ng4+ 12. Kh3 Nxe3 13. fxe3 Nf5
14. Nc5 Qh4# 0-1

[Event "XI Open"]
[Site "Condino ITA"]
[Date "2011.07.27"]
[Round "4"]
[White "Nepi, Ezio"]
[Black "Ventura, Sergio"]
[Result "0-1"]
[WhiteElo "1930"]
[BlackElo "2092"]
[PlyCount "56"]
[EventDate "2011.07.25"]

1. d4 d5 2. c4 c6 3. Nf3 e6 4. e3 Bd6 5. Bd3 f5 6. Nc3 Nf6 7. Bd2 O-O 8. Qc2
Nbd7 9. O-O Ne4 10. c5 Bc7 11. b4 Qf6 12. b5 Qh6 13. bxc6 bxc6 14. g3 Ndf6 15.
Kg2 Rb8 16. Ne2 g5 17. Rab1 Rxb1 18. Rxb1 Ng4 19. Be1 Qh5 20. Qa4 f4 21. exf4
gxf4 22. Neg1 fxg3 23. hxg3 Ng5 24. Nh4 Qf7 25. Rb2 e5 26. Qxc6 e4 27. Ba6 Be6
28. Rb7 Qxf2+ 0-1

[Event "XI Open"]
[Site "Condino ITA"]
[Date "2011.07.27"]
[Round "4"]
[White "Panjkovic, Aleksandar"]
[Black "Stoppa, Omar"]
[Result "0-1"]
[WhiteElo "2173"]
[BlackElo "2286"]
[PlyCount "100"]
[EventDate "2011.07.25"]

1. c4 c5 2. g3 g6 3. Bg2 Bg7 4. e3 Nf6 5. Nc3 O-O 6. Nge2 Na6 7. d4 d6 8. O-O
Re8 9. Qb3 Qb6 10. Qxb6 axb6 11. Nb5 Rb8 12. Nec3 Bd7 13. Bd2 Red8 14. d5 Ne8
15. Rab1 Ra8 16. a3 Nac7 17. Nxc7 Nxc7 18. Rfc1 b5 19. cxb5 Nxb5 20. Nxb5 Bxb5
21. Bf1 Bxf1 22. Kxf1 b5 23. Bc3 Ra4 24. Bxg7 Kxg7 25. Ke2 Kf6 26. f3 Rb8 27.
Rc3 b4 28. Rc4 bxa3 29. bxa3 Rxc4 30. Rxb8 Ra4 31. Rb3 Ke5 32. Rb7 Kf6 33. Rb3
Ke5 34. Rb7 Rxa3 35. Rxe7+ Kxd5 36. Rxf7 Ra2+ 37. Kd3 Rxh2 38. e4+ Ke6 39. Rf8
Rh3 40. g4 Ke7 41. Rf4 h6 42. Kc4 Rh1 43. g5 hxg5 44. Rg4 Kf6 45. Kd5 Rd1+ 46.
Kc4 Rd4+ 47. Kc3 d5 48. exd5 Rxg4 49. fxg4 Ke5 50. Kc4 Kd6 0-1

[Event "XI Open"]
[Site "Condino ITA"]
[Date "2011.07.27"]
[Round "4"]
[White "Panjkovic, Stefan"]
[Black "Frugoni, Giulio"]
[Result "1-0"]
[WhiteElo "1626"]
[BlackElo "1685"]
[PlyCount "215"]
[EventDate "2011.07.25"]

1. c4 Nf6 2. g3 d5 3. cxd5 Nxd5 4. Bg2 Nc6 5. Nf3 Bg4 6. d3 e6 7. Bd2 Bc5 8.
Nc3 O-O 9. O-O Bxf3 10. Bxf3 f5 11. Nxd5 exd5 12. Qb3 Nd4 13. Qxd5+ Qxd5 14.
Bxd5+ Kh8 15. e3 Nc6 16. d4 Bd6 17. Rfc1 Ne7 18. Bg2 c6 19. a3 Rae8 20. Rc3 Nd5
21. Bxd5 cxd5 22. Rac1 g6 23. Rb3 Rf7 24. Bb4 Rc7 25. Rxc7 Bxc7 26. Bc5 b6 27.
Bb4 a5 28. Bd2 Rd8 29. Rc3 Rd7 30. Rc6 Kg7 31. b4 axb4 32. Bxb4 Kf7 33. Kg2 Kg7
34. Rc1 Kf7 35. a4 Kg7 36. Ra1 Rd8 37. Rc1 Rd7 38. Rc3 Kf7 39. Ra3 Rd8 40. a5
bxa5 41. Bxa5 Ra8 42. Bb4 Rxa3 43. Bxa3 Ke6 44. Bb4 Kf7 45. Kf3 Bb8 46. Ba5 Ke7
47. Kg2 Bd6 48. Kh3 Ke8 49. Kh4 Be7+ 50. Kh3 Kd7 51. Bb6 Kc6 52. Ba5 Kd7 53.
Kg2 Bd6 54. Kf3 Bb8 55. Bb4 Ke8 56. h3 Bc7 57. Kg2 Kf7 58. f3 Ke8 59. g4 fxg4
60. fxg4 Kf7 61. Kf3 Kf6 62. Be1 g5 63. Bg3 Bb6 64. Be5+ Ke6 65. e4 Ba7 66. Ke3
Bb6 67. Bg3 Bd8 68. e5 Be7 69. Be1 Bd8 70. Bb4 Kf7 71. Kd3 Bc7 72. Bd2 Bd8 73.
Be3 Be7 74. Kc3 Ke6 75. Kb3 Kd7 76. Ka4 Kc6 77. Ka5 Bd8+ 78. Ka6 h6 79. Bd2 Be7
80. Ba5 Ba3 81. Bb6 Be7 82. Ba5 Ba3 83. Ka7 Bb2 84. Bb6 Ba3 85. Bd8 Bf8 86. Ba5
Be7 87. Kb8 Kd7 88. Bb6 Bb4 89. Bc5 Bc3 90. Kb7 Ba5 91. Ka6 Bc3 92. Kb5 Bb2 93.
Kb4 Ke8 94. Kb3 Bc1 95. Kb4 Kd7 96. Bf8 Be3 97. Kc3 Ke6 98. Bxh6 Bf4 99. Bf8
Kf7 100. Bb4 Be3 101. Kd3 Bf4 102. Bd2 Bxd2 103. Kxd2 Ke6 104. Kc3 Kd7 105. Kb4
Kc6 106. Ka5 Kc7 107. Kb5 Kd7 108. Kc5 1-0

[Event "XI Open"]
[Site "Condino ITA"]
[Date "2011.07.27"]
[Round "4"]
[White "Paragliola, Gennaro"]
[Black "Tricerri, Pierino"]
[Result "0-1"]
[WhiteElo "1583"]
[BlackElo "1508"]
[PlyCount "82"]
[EventDate "2011.07.25"]

1. d4 Nf6 2. c4 g6 3. Nf3 Bg7 4. Nc3 O-O 5. e4 d6 6. Be3 Ng4 7. Bf4 e5 8. dxe5
dxe5 9. Bg3 Qe7 10. h3 Nf6 11. Nxe5 Nxe4 12. Nxe4 Bxe5 13. Bxe5 Qxe5 14. Qe2
Nc6 15. O-O-O Qf4+ 16. Kb1 Bf5 17. f3 Rae8 18. Qd2 Bxe4+ 19. fxe4 Qxe4+ 20. Bd3
Qe3 21. Qc3 Nd4 22. Rhe1 Qf2 23. Rf1 Qh4 24. g3 Qd8 25. Bc2 c5 26. Qa3 Qb6 27.
Bd3 Re3 28. Rg1 Rfe8 29. Qa4 Nc6 30. h4 h5 31. Qc2 Nb4 32. Qc3 Rd8 33. Qc1 Nxd3
34. Qc3 Qe6 35. Qa5 b6 36. Qxa7 Qe4 37. Ka1 Ra8 38. Qxb6 Qxc4 39. a3 Re2 40.
Rb1 Nb4 41. b3 Rxa3# 0-1

[Event "XI Open"]
[Site "Condino ITA"]
[Date "2011.07.27"]
[Round "4"]
[White "Petragnani, Gian Giacomo"]
[Black "Cesati Cassin, Giorgio"]
[Result "1-0"]
[WhiteElo "1738"]
[BlackElo "1585"]
[PlyCount "69"]
[EventDate "2011.07.25"]

1. Nf3 Nf6 2. g3 g6 3. Bg2 Bg7 4. O-O O-O 5. d3 d6 6. e4 Nbd7 7. c3 e5 8. Qc2
Nb6 9. Be3 Re8 10. h3 Bd7 11. d4 Nc4 12. Bc1 exd4 13. cxd4 Nb6 14. Re1 Qc8 15.
Kh2 Nh5 16. Be3 f5 17. Ng5 h6 18. Qb3+ Be6 19. Nxe6 Rxe6 20. exf5 gxf5 21. Bxb7
Qe8 22. Bxh6 d5 23. Bxd5 Nxd5 24. Qxd5 Rd8 25. Qxe6+ Qxe6 26. Rxe6 Kf7 27. Bg5
Rxd4 28. Re1 Rd7 29. Bc1 Nf6 30. Nc3 c6 31. Be3 Ne4 32. Rad1 Re7 33. Nxe4 fxe4
34. b3 Rb7 35. Bd4 1-0

[Event "XI Open"]
[Site "Condino ITA"]
[Date "2011.07.27"]
[Round "4"]
[White "Pichler, Christoph"]
[Black "Carletti, Davide"]
[Result "1/2-1/2"]
[WhiteElo "1904"]
[BlackElo "1660"]
[PlyCount "42"]
[EventDate "2011.07.25"]

1. e4 e5 2. Nf3 Nc6 3. Bc4 Bc5 4. c3 Nf6 5. d3 h6 6. Nbd2 d6 7. Nf1 O-O 8. Ng3
Ne7 9. O-O Be6 10. Bb3 Nd7 11. Bxe6 fxe6 12. Qb3 d5 13. Qxb7 Bb6 14. Be3 a5 15.
Bxb6 Nxb6 16. exd5 exd5 17. c4 c6 18. cxd5 Rb8 19. Qa6 Ra8 20. Qb7 Rb8 21. Qa6
Ra8 1/2-1/2

[Event "XI Open"]
[Site "Condino ITA"]
[Date "2011.07.27"]
[Round "4"]
[White "Poletti, Fausto"]
[Black "Girelli, Sergio"]
[Result "1-0"]
[WhiteElo "1940"]
[BlackElo "1792"]
[PlyCount "31"]
[EventDate "2011.07.25"]

1. c4 Nf6 2. g3 d6 3. Bg2 g6 4. Nc3 Bg7 5. e4 O-O 6. Nge2 e5 7. O-O Nbd7 8. d3
a5 9. h3 Nc5 10. Be3 Bd7 11. Kh2 h5 12. Qd2 Kh7 13. Rad1 c6 14. f4 Ng8 15. fxe5
Bxe5 16. d4 1-0

[Event "XI Open"]
[Site "Condino ITA"]
[Date "2011.07.27"]
[Round "4"]
[White "Rubio Mejia, Luis Ignacio"]
[Black "Rotstein, Arkadij"]
[Result "1/2-1/2"]
[WhiteElo "2417"]
[BlackElo "2529"]
[PlyCount "37"]
[EventDate "2011.07.25"]

1. d4 d5 2. c4 c6 3. Nc3 Nf6 4. Nf3 e6 5. Bg5 Nbd7 6. e3 Qa5 7. Nd2 dxc4 8.
Bxf6 Nxf6 9. Nxc4 Qc7 10. Be2 Be7 11. O-O O-O 12. a3 Rd8 13. b4 Nd5 14. Rc1
Nxc3 15. Rxc3 Bf6 16. f4 Bd7 17. Ne5 Be8 18. Qc2 Qe7 19. Ng4 1/2-1/2

[Event "XI Open"]
[Site "Condino ITA"]
[Date "2011.07.27"]
[Round "4"]
[White "Schaefer, Heiko"]
[Black "Dappiano, Andrea"]
[Result "0-1"]
[WhiteElo "2100"]
[BlackElo "2072"]
[PlyCount "68"]
[EventDate "2011.07.25"]

1. d4 d6 2. Nf3 Bg4 3. c4 Nd7 4. Nc3 Bxf3 5. exf3 c6 6. Bd3 Ngf6 7. O-O e6 8.
Re1 Be7 9. d5 cxd5 10. cxd5 e5 11. f4 O-O 12. Bf5 Re8 13. fxe5 Nxe5 14. Be3 Bf8
15. Bd4 Qa5 16. Rc1 g6 17. Bh3 Bg7 18. f4 Ned7 19. Kh1 Nc5 20. Qf3 Qb4 21. Red1
Nfe4 22. Bxg7 Kxg7 23. b3 Re7 24. f5 Rae8 25. Nxe4 Rxe4 26. f6+ Kg8 27. Rf1 Qd2
28. g3 Re2 29. Bg2 Nd3 30. Rc7 Ne5 31. Qf4 Rxg2 32. Qxd2 Rxd2 33. Rfc1 Nf3 34.
R1c2 Re1# 0-1

[Event "XI Open"]
[Site "Condino ITA"]
[Date "2011.07.28"]
[Round "5"]
[White "Barucco, Mattia"]
[Black "Petragnani, Gian Giacomo"]
[Result "1-0"]
[WhiteElo "1976"]
[BlackElo "1738"]
[PlyCount "61"]
[EventDate "2011.07.25"]

1. e4 g6 2. d4 Bg7 3. f4 c5 4. Nf3 cxd4 5. Nxd4 Nc6 6. c3 Nf6 7. Bd3 Nxd4 8.
cxd4 d5 9. e5 Ne4 10. Be3 Qa5+ 11. Nd2 Bf5 12. Be2 h5 13. O-O Rc8 14. Nxe4 Bxe4
15. Qb3 Qc7 16. Rac1 Qb8 17. Rxc8+ Qxc8 18. Rc1 Qa8 19. Qa4+ Kf8 20. Qd7 Bf5
21. Qxd5 Kg8 22. Bf3 Be6 23. Qxb7 Qxb7 24. Bxb7 f6 25. Rc7 Kf7 26. d5 Bf5 27.
e6+ Kg8 28. Rxe7 Rh7 29. Bxa7 Bf8 30. Rxh7 Kxh7 31. a3 1-0

[Event "XI Open"]
[Site "Condino ITA"]
[Date "2011.07.28"]
[Round "5"]
[White "Calabrese, Maurizio"]
[Black "Pipitone, Antonio"]
[Result "0-1"]
[WhiteElo "1567"]
[BlackElo "1979"]
[PlyCount "86"]
[EventDate "2011.07.25"]

1. d4 Nf6 2. c4 c5 3. Nc3 cxd4 4. Qxd4 Nc6 5. Qd1 a6 6. a3 e6 7. e3 d5 8. Bd2
Bd6 9. Nge2 dxc4 10. Qc2 O-O 11. Ng3 b5 12. Nge4 Be7 13. Nxf6+ Bxf6 14. Ne4 Be7
15. g3 f5 16. Bg2 Bb7 17. Nc3 Qc7 18. O-O Ne5 19. e4 Nd3 20. a4 b4 21. Nd1 fxe4
22. Ne3 Bd5 23. b3 c3 24. Be1 Rac8 25. Nxd5 exd5 26. Bh3 Rcd8 27. f4 Bc5+ 28.
Kg2 Rd6 29. Bg4 Rg6 30. Kh3 h5 31. Be2 Qd7+ 32. f5 Rxf5 33. Rxf5 Qxf5+ 34. Kg2
Nxe1+ 35. Rxe1 Qf2+ 36. Kh3 Qxe1 37. Bxa6 Rxa6 38. g4 hxg4+ 39. Kxg4 Qg1+ 40.
Kf5 Qg6+ 41. Kf4 Qf6+ 42. Kg3 Qg5+ 43. Kh3 Rh6# 0-1

[Event "XI Open"]
[Site "Condino ITA"]
[Date "2011.07.28"]
[Round "5"]
[White "Carletti, Davide"]
[Black "Medves, Enrico"]
[Result "1/2-1/2"]
[WhiteElo "1660"]
[BlackElo "1593"]
[PlyCount "103"]
[EventDate "2011.07.25"]

1. e4 e5 2. Nf3 Nf6 3. Nxe5 d6 4. Nf3 Nxe4 5. c4 Be7 6. d4 d5 7. Nc3 Nxc3 8.
bxc3 O-O 9. Bd3 dxc4 10. Bxc4 c5 11. O-O Bf5 12. Re1 Nc6 13. Be3 cxd4 14. Nxd4
Nxd4 15. Bxd4 Bf6 16. f3 Rc8 17. Bb3 Bxd4+ 18. Qxd4 Qxd4+ 19. cxd4 Rc7 20. Rac1
Rxc1 21. Rxc1 Rc8 22. Rxc8+ Bxc8 23. Kf2 Kf8 24. h4 Ke7 25. g4 b5 26. Ke3 f6
27. a3 Kd6 28. Kf4 Be6 29. Bc2 h6 30. g5 hxg5+ 31. hxg5 a5 32. gxf6 gxf6 33.
Ke3 b4 34. axb4 axb4 35. f4 b3 36. Bb1 Kd5 37. Bd3 Bd7 38. Bb1 b2 39. Bd3 Ba4
40. Bb1 Bb3 41. Kd3 Bc4+ 42. Kc3 Bb5 43. Kxb2 Kxd4 44. Kc1 Bd3 45. Ba2 Ke3 46.
Kd1 Kxf4 47. Be6 Bf5 48. Bb3 Ke5 49. Ba4 Be4 50. Bd7 Bd5 51. Bb5 f5 52. Ke1
1/2-1/2

[Event "XI Open"]
[Site "Condino ITA"]
[Date "2011.07.28"]
[Round "5"]
[White "Dappiano, Andrea"]
[Black "Rubio Mejia, Luis Ignacio"]
[Result "1/2-1/2"]
[WhiteElo "2072"]
[BlackElo "2417"]
[PlyCount "87"]
[EventDate "2011.07.25"]

1. c4 c5 2. Nc3 Nc6 3. g3 g6 4. Bg2 Bg7 5. e4 d6 6. Nge2 Nf6 7. O-O O-O 8. d3
Bg4 9. f3 Bd7 10. Be3 a6 11. a3 Ne8 12. Rb1 Nd4 13. b4 Rb8 14. f4 b6 15. Qd2 e6
16. g4 f5 17. exf5 exf5 18. g5 Nc7 19. Nd5 Nxe2+ 20. Qxe2 Re8 21. Kh1 Be6 22.
Nxc7 Qxc7 23. Qf3 Bf7 24. Bf2 Re7 25. Rbe1 Rxe1 26. Rxe1 Bb2 27. Rb1 Bxa3 28.
bxc5 dxc5 29. Ra1 Bb2 30. Rxa6 Rd8 31. Ra8 Rxa8 32. Qxa8+ Kg7 33. Be3 Qe7 34.
Qf3 h6 35. h4 hxg5 36. hxg5 Bd4 37. Bxd4+ cxd4 38. Qf2 Qc5 39. Kh2 Kf8 40. Qe2
Qa3 41. Qe5 Qxd3 42. Qh8+ Ke7 43. Qf6+ Kf8 44. Qh8+ 1/2-1/2

[Event "XI Open"]
[Site "Condino ITA"]
[Date "2011.07.28"]
[Round "5"]
[White "Galas, Franco"]
[Black "Cesati Cassin, Giorgio"]
[Result "1-0"]
[WhiteElo "1758"]
[BlackElo "1585"]
[PlyCount "99"]
[EventDate "2011.07.25"]

1. d4 Nf6 2. Nf3 g6 3. e3 Bg7 4. c3 O-O 5. Bc4 d6 6. O-O Nbd7 7. Re1 Re8 8.
Nbd2 e5 9. dxe5 dxe5 10. e4 a5 11. a4 Nc5 12. b4 axb4 13. cxb4 Nd3 14. Bxd3
Qxd3 15. Re3 Qd8 16. Bb2 Ng4 17. Re2 f5 18. Qc2 f4 19. Rd1 Bd7 20. Nc4 Qc8 21.
b5 Nh6 22. Nfxe5 Be6 23. f3 Nf7 24. Red2 Rd8 25. Nxf7 Rxd2 26. Rxd2 Kxf7 27.
Bxg7 Kxg7 28. Qc3+ Kg8 29. Nb2 c5 30. bxc6 Qxc6 31. Qxc6 bxc6 32. Rd6 Kf7 33.
Rxc6 Rc8 34. Rxc8 Bxc8 35. Kf2 Ke6 36. Ke2 Ba6+ 37. Kd2 Kd6 38. Nd3 g5 39. e5+
Kd5 40. Nb4+ Kxe5 41. Nxa6 Kd5 42. Kc3 Kc6 43. Kb4 Kd5 44. Nc7+ Kd4 45. Ne6+
Ke3 46. Nxg5 h5 47. Nh3 h4 48. a5 Ke2 49. a6 Kf1 50. Nxf4 1-0

[Event "XI Open"]
[Site "Condino ITA"]
[Date "2011.07.28"]
[Round "5"]
[White "Medves, Adriano"]
[Black "Barlotti, Gabriele"]
[Result "1-0"]
[WhiteElo "1593"]
[BlackElo "1668"]
[PlyCount "47"]
[EventDate "2011.07.25"]

1. b4 e5 2. Bb2 Nc6 3. b5 Nd4 4. e3 Ne6 5. Bxe5 Be7 6. Nf3 d6 7. Bb2 Bf6 8. d4
Ne7 9. Bd3 Nd5 10. c4 Nb6 11. Nc3 Bd7 12. O-O O-O 13. a4 Re8 14. a5 Nc8 15. Nd5
Ng5 16. Nxf6+ Qxf6 17. Nxg5 Qxg5 18. Qc2 f5 19. f4 Qg6 20. Rf3 Ne7 21. e4 c6
22. bxc6 bxc6 23. Rg3 Qf6 24. Qc3 1-0

[Event "XI Open"]
[Site "Condino ITA"]
[Date "2011.07.28"]
[Round "5"]
[White "Menichini, Massimo"]
[Black "Salmoiraghi, Angelo"]
[Result "0-1"]
[WhiteElo "1791"]
[BlackElo "2152"]
[PlyCount "42"]
[EventDate "2011.07.25"]

1. e4 e5 2. Nf3 Nc6 3. Nc3 Nf6 4. d4 exd4 5. Nxd4 Bb4 6. Bg5 h6 7. Nxc6 bxc6 8.
Bxf6 Qxf6 9. Qd2 O-O 10. Bd3 d5 11. a3 Bxc3 12. bxc3 dxe4 13. Bc4 e3 14. Qxe3
Ba6 15. O-O Bxc4 16. Rfd1 Rfe8 17. Qg3 Bd5 18. Rd4 Re2 19. Rf4 Qe5 20. h3 g5
21. Rg4 Qxg3 0-1

[Event "XI Open"]
[Site "Condino ITA"]
[Date "2011.07.28"]
[Round "5"]
[White "Monzeglio, Graziella"]
[Black "Paragliola, Gennaro"]
[Result "0-1"]
[WhiteElo "1486"]
[BlackElo "1583"]
[PlyCount "40"]
[EventDate "2011.07.25"]

1. d4 Nf6 2. Nf3 g6 3. e3 Bg7 4. Bd3 O-O 5. c3 d5 6. O-O Nc6 7. Nbd2 Re8 8. Re1
e5 9. e4 dxe4 10. Bxe4 Nxe4 11. Nxe4 Bg4 12. h3 Bxf3 13. Qxf3 exd4 14. Bg5 Qc8
15. Nf6+ Bxf6 16. Qxf6 Rxe1+ 17. Rxe1 Qf5 18. Re8+ Rxe8 19. g4 Qxf6 20. Bxf6 d3
0-1

[Event "XI Open"]
[Site "Condino ITA"]
[Date "2011.07.28"]
[Round "5"]
[White "Nepi, Ezio"]
[Black "Schaefer, Heiko"]
[Result "1-0"]
[WhiteElo "1930"]
[BlackElo "2100"]
[PlyCount "99"]
[EventDate "2011.07.25"]

1. d4 e6 2. c4 d5 3. Nc3 c6 4. e3 Bd6 5. Bd3 f5 6. f4 Nf6 7. Nf3 O-O 8. O-O b6
9. cxd5 exd5 10. Ne5 Ne4 11. Bd2 Bxe5 12. fxe5 Ba6 13. Bxa6 Nxa6 14. Ne2 Qd7
15. Nf4 Nc7 16. Bb4 Rfd8 17. Qh5 Qf7 18. Qh3 a5 19. Ba3 b5 20. b3 b4 21. Bb2 g6
22. Rac1 Qd7 23. Nd3 Ne6 24. Rc2 Rdc8 25. Rfc1 Kg7 26. Qh4 Ra6 27. Kh1 h5 28.
h3 g5 29. Qe1 Qe7 30. Kh2 h4 31. Qe2 Rb6 32. Qf3 Qf7 33. Rf1 Rf8 34. Rfc1 Qd7
35. Nc5 Qe8 36. Na4 Ra6 37. Qe2 Qc8 38. Ba1 Rf7 39. Bb2 Rc7 40. Qf1 Kg6 41. Qf3
Qe8 42. Rf1 Rf7 43. Qd1 Raa7 44. Rf3 Rac7 45. Qf1 g4 46. hxg4 fxg4 47. Rxf7
Rxf7 48. Qa6 Nd8 49. Nc5 Rf1 50. Qxf1 1-0

[Event "XI Open"]
[Site "Condino ITA"]
[Date "2011.07.28"]
[Round "5"]
[White "Pichler, Christoph"]
[Black "Panjkovic, Stefan"]
[Result "1-0"]
[WhiteElo "1904"]
[BlackElo "1626"]
[PlyCount "73"]
[EventDate "2011.07.25"]

1. e4 d5 2. exd5 Qxd5 3. Nc3 Qa5 4. d4 Nf6 5. Nf3 c6 6. Bd2 Bf5 7. Bc4 e6 8. a3
Be7 9. O-O O-O 10. Nd5 Qd8 11. Nxe7+ Qxe7 12. Bb4 Qd8 13. Bxf8 Qxf8 14. Ne5
Nbd7 15. Nxd7 Nxd7 16. Bd3 Bxd3 17. Qxd3 Nf6 18. Rad1 Rd8 19. Qf3 Rd5 20. c4
Rf5 21. Qg3 Qd8 22. Rfe1 Nh5 23. Qe3 Nf6 24. Qd3 g6 25. Re5 Rxe5 26. dxe5 Qxd3
27. Rxd3 Ng4 28. f4 b6 29. h3 Nh6 30. Rd8+ Kg7 31. Rd7 Nf5 32. Kf2 c5 33. Rxa7
Nd4 34. Rb7 Nb3 35. Rxb6 Nd2 36. b3 Nb1 37. a4 1-0

[Event "XI Open"]
[Site "Condino ITA"]
[Date "2011.07.28"]
[Round "5"]
[White "Poletti, Fausto"]
[Black "De Vita, Gianni"]
[Result "1-0"]
[WhiteElo "1940"]
[BlackElo "2090"]
[PlyCount "73"]
[EventDate "2011.07.25"]

1. c4 e5 2. g3 Nf6 3. Bg2 Nc6 4. Nc3 d6 5. d3 Be7 6. e4 h6 7. Nge2 Bg4 8. h3
Be6 9. O-O g5 10. Be3 Nh5 11. Nd5 Ng7 12. Qd2 Qd7 13. Kh2 f5 14. f4 exf4 15.
gxf4 O-O-O 16. b4 gxf4 17. Nexf4 fxe4 18. dxe4 Ne5 19. Bxa7 Bg5 20. Qc3 Qa4 21.
Bd4 Bxd5 22. Nxd5 Rhe8 23. Qb3 Qa6 24. b5 Qa5 25. Bc3 Qa8 26. b6 c6 27. Nc7 Qb8
28. Nxe8 Rxe8 29. Bxe5 dxe5 30. Rf7 Ne6 31. Qf3 Bf4+ 32. Kh1 Qd6 33. Qg4 Kb8
34. Qg6 Qd4 35. Rb1 Qd3 36. Rf1 Ng5 37. R7xf4 1-0

[Event "XI Open"]
[Site "Condino ITA"]
[Date "2011.07.28"]
[Round "5"]
[White "Raselli, Claudio"]
[Black "Medancic, Rikard"]
[Result "0-1"]
[WhiteElo "1930"]
[BlackElo "2275"]
[PlyCount "74"]
[EventDate "2011.07.25"]

1. e4 e5 2. Nf3 Nc6 3. Bb5 a6 4. Bxc6 dxc6 5. O-O f6 6. d4 exd4 7. Nxd4 c5 8.
Nb3 Qxd1 9. Rxd1 Bg4 10. f3 Bd7 11. Be3 b6 12. Nc3 O-O-O 13. a4 c4 14. Nd4 Re8
15. Kf2 Bd6 16. h3 Ne7 17. Nde2 Kb7 18. Nf4 Rd8 19. Nfd5 Nxd5 20. Nxd5 Bc6 21.
c3 f5 22. Bg5 Rd7 23. a5 fxe4 24. fxe4 b5 25. Kg1 Re8 26. Re1 Bc5+ 27. Kh1 Bxd5
28. exd5 Rxe1+ 29. Rxe1 Rxd5 30. Bf4 g5 31. Bg3 Rd2 32. Rb1 Kc6 33. Be5 Rc2 34.
Kh2 Be3 35. Kg3 Rc1 36. Rxc1 Bxc1 37. Kg4 Bxb2 0-1

[Event "XI Open"]
[Site "Condino ITA"]
[Date "2011.07.28"]
[Round "5"]
[White "Sheikh, Mohammed Zannatun"]
[Black "Girelli, Sergio"]
[Result "1/2-1/2"]
[WhiteElo "1512"]
[BlackElo "1792"]
[PlyCount "142"]
[EventDate "2011.07.25"]

1. e4 c5 2. Nf3 d6 3. Nc3 a6 4. b3 Nc6 5. Bb2 e6 6. d3 Nf6 7. h3 Be7 8. Be2 Nd4
9. Qd2 b5 10. e5 dxe5 11. Nxe5 Bb7 12. Bf3 Nxf3+ 13. Nxf3 Qc7 14. Ne2 Bxf3 15.
gxf3 O-O-O 16. Rg1 Rhg8 17. Rg2 Bd6 18. Rxg7 Be5 19. Rxg8 Rxg8 20. O-O-O Nd5
21. Kb1 Bxb2 22. Kxb2 Qe5+ 23. c3 Rg2 24. f4 Qh5 25. Ng3 Qf3 26. Nh1 Nxf4 27.
Ka3 Nd5 28. Rc1 Kb7 29. d4 b4+ 30. cxb4 cxb4+ 31. Ka4 Qf4 32. Qxf4 Nxf4 33. Rc4
Nd5 34. Rc2 Rh2 35. Ng3 Rxh3 36. Ne4 Nc3+ 37. Nxc3 Rxc3 38. Rd2 h5 39. Kxb4 Rf3
40. d5 exd5 41. Rxd5 h4 42. Rh5 h3 43. Rh7 Kb6 44. a4 a5+ 45. Kc4 Kc6 46. Rh5
f6 47. b4 axb4 48. Kxb4 Kb6 49. Rh6 Ka6 50. Kc4 Ka5 51. Kd4 Rf4+ 52. Ke3 Rxa4
53. f4 f5 54. Rh5 Ra3+ 55. Kd4 Kb6 56. Ke5 Kc7 57. Kf6 Kd7 58. Kg5 Ke6 59. Rh6+
Kf7 60. Kxf5 Kg7 61. Rh4 Ra5+ 62. Kg4 Ra3 63. Rxh3 Rxh3 64. Kxh3 Kf6 65. Kg4
Kg6 66. f5+ Kf7 67. Kg5 Kg7 68. f6+ Kf8 69. Kg6 Kg8 70. Kf5 Kf7 71. Kg5 Kf8
1/2-1/2

[Event "XI Open"]
[Site "Condino ITA"]
[Date "2011.07.28"]
[Round "5"]
[White "Simoncini, Francesco"]
[Black "Gardi, Giuseppe"]
[Result "1/2-1/2"]
[WhiteElo "1581"]
[BlackElo "2026"]
[PlyCount "85"]
[EventDate "2011.07.25"]

1. d4 g6 2. c4 Bg7 3. Nf3 d6 4. Nc3 Nf6 5. g3 O-O 6. Bg2 Nbd7 7. O-O e5 8. e4
exd4 9. Nxd4 Re8 10. h3 Nc5 11. Re1 Nfd7 12. b4 Ne6 13. Nxe6 Rxe6 14. Bb2 Re8
15. Qc2 a5 16. a3 Ne5 17. Nd5 c6 18. Ne3 axb4 19. axb4 Rxa1 20. Rxa1 Qb6 21.
Rb1 Bh6 22. c5 Qc7 23. f4 Nd7 24. Ng4 Bg7 25. Bxg7 Kxg7 26. Qc3+ f6 27. Rd1 h5
28. cxd6 Qb6+ 29. Ne3 Kh7 30. Kh2 Qb5 31. Qc4 Qxc4 32. Nxc4 b5 33. Na5 c5 34.
bxc5 Nxc5 35. Rd5 Nxe4 36. Bxe4 Rxe4 37. d7 Bxd7 38. Rxd7+ Kh6 39. Rb7 Re2+ 40.
Kg1 Rb2 41. Rb6 Kg7 42. Nc4 Rb3 43. Nd6 1/2-1/2

[Event "XI Open"]
[Site "Condino ITA"]
[Date "2011.07.28"]
[Round "5"]
[White "Stoppa, Omar"]
[Black "Garonzi, Martino"]
[Result "1-0"]
[WhiteElo "2286"]
[BlackElo "2002"]
[PlyCount "87"]
[EventDate "2011.07.25"]

1. e4 c5 2. b4 d6 3. bxc5 dxc5 4. Nc3 Nc6 5. Rb1 e6 6. Nf3 Nf6 7. Bc4 a6 8. a4
Bd6 9. O-O O-O 10. h3 Qc7 11. d3 h6 12. Qe2 Bd7 13. Nd1 Ne5 14. Nxe5 Bxe5 15.
a5 Qxa5 16. Rxb7 Rfb8 17. Rb3 Rxb3 18. Bxb3 Rb8 19. Ne3 Bb5 20. Bc4 Bd4 21. Bd2
Bc3 22. Bxc3 Qxc3 23. Rb1 Nd7 24. Qe1 Qxe1+ 25. Rxe1 Bxc4 26. Nxc4 Rb4 27. Ra1
Nb6 28. Nxb6 Rxb6 29. Ra5 Rc6 30. Kf1 e5 31. h4 f6 32. h5 c4 33. Ke2 Kf7 34. g4
Ke6 35. dxc4 Kd6 36. Kd3 Kc7 37. c5 Kd7 38. Kc4 Ke6 39. Ra3 Kd7 40. Kd5 Kc7 41.
c4 Kd7 42. Rb3 Kc7 43. Rb8 Kd7 44. Rd8+ 1-0

[Event "XI Open"]
[Site "Condino ITA"]
[Date "2011.07.28"]
[Round "5"]
[White "Tricerri, Pierino"]
[Black "Frugoni, Giulio"]
[Result "0-1"]
[WhiteElo "1508"]
[BlackElo "1685"]
[PlyCount "74"]
[EventDate "2011.07.25"]

1. d4 Nf6 2. c4 e6 3. Nc3 d5 4. cxd5 exd5 5. Bg5 Be7 6. e3 h6 7. Bh4 a6 8. Rc1
Be6 9. Bd3 Nbd7 10. Nge2 c5 11. Bg3 c4 12. Bb1 Rc8 13. b3 Ba3 14. Rc2 Bf5 15.
Rd2 Bxb1 16. Qxb1 Qb6 17. Nf4 Bb4 18. Rc2 Ne4 19. Nfxd5 Bxc3+ 20. Nxc3 Qb4 21.
Qb2 cxb3 22. Qxb3 Qxb3 23. axb3 Rxc3 24. Rxc3 Nxc3 25. O-O Ne2+ 26. Kh1 Nxg3+
27. fxg3 Ke7 28. Rc1 Kd6 29. e4 f6 30. Rd1 Rc8 31. e5+ fxe5 32. dxe5+ Kxe5 33.
h3 Nb6 34. Re1+ Kd6 35. Rd1+ Nd5 36. h4 Rc3 37. b4 Rxg3 0-1